LIBRARY & INFORMATION CENTRE, KCAET, TAVANUR

ONLINE PUBLIC ACCESS CATALOGUE (OPAC)

Indian textiles / (Record no. 11985)

MARC details
000 -LEADER
fixed length control field 00348cam a2200133ua 4500
082 ## - DEWEY DECIMAL CLASSIFICATION NUMBER
Classification number 338.47677
Item number SAR/IN
100 ## - MAIN ENTRY--AUTHOR NAME
Personal name Saraswathi ., S.K .
245 ## - TITLE STATEMENT
Title Indian textiles /
260 ## - PUBLICATION, DISTRIBUTION, ETC. (IMPRINT)
Place of publication :
Name of publisher Ministry of commerce and industry ,
Year of publication 1961.
300 ## - PHYSICAL DESCRIPTION
Number of Pages 25 ; .
942 ## - ADDED ENTRY ELEMENTS (KOHA)
Koha item type Books
Holdings
Withdrawn status Lost status Damaged status Home library Current library Date acquired Full call number Accession Number Koha item type
Withdrawn     KAUAET Sanskrit University 07/04/2012 338.47677 9590 Books
free website counter